NHL, NFL, NBA and MLB Teams with animals in their name - Statistics

General Stats
  • This quiz has been taken 109 times
  • The average score is 23 of 33
Answer Stats
Hint Answer % Correct
NHL Panthers
86%
NFL Panthers
86%
NFL Cardinals
85%
MLB Cardinals
85%
NFL Bears
80%
NFL Lions
80%
NFL Broncos
77%
NFL Dolphins
76%
NFL Seahawks
76%
NFL Eagles
75%
NFL Falcons
75%
NBA Hawks
74%
MLB Tigers
74%
NHL Ducks
72%
NHL Penguins
71%
NFL Jaguars
69%
NBA Pelicans
68%
NFL Rams
68%
NFL Ravens
63%
NHL Sharks
63%
NBA Timberwolves
62%
MLB Bluejays
61%
NBA Grizzlies
61%
NBA Bucks
60%
NBA Hornets
60%
NBA Raptors
60%
NBA Bulls
59%
NHL Coyotes
59%
MLB Marlins
59%
NFL Colts
57%
MLB Orioles
56%
MLB Rays
54%
NHL Blackhawks
46%
No matching quizzes found
Score Distribution
Percent of People with Each Score
Percentile by Number Answered
Your Score History
You have not taken this quiz